000
00371nam a2200169Ia 4500
003
0STCL
008
150530s9999 xx 000 0 und d
040
_a
STCL
_c
STCL
100
_a
Webster, G.C.
245
_a
Nitrogen metabolism in plants
250
_a
First
260
_c
1965
546
_a
English
942
_2
ddc
_c
BK
999
_c
34860
_d
34860
005
20220125170336.0